[Event "FRA-chT4 0001"]
[Site "Champagne Ardenne"]
[Date "2001.04.01"]
[Round "7"]
[White "Aubertin, Henry"]
[Black "Ait Ammar, Riad"]
[Result "0-1"]
[WhiteElo "1540"]
[BlackElo "1840"]
[PlyCount "58"]
[EventDate "2001.10.??"]
[EventType "team-tourn"]
[EventRounds "7"]
[EventCountry "FRA"]
[SourceTitle "EXT 2005"]
[Source "ChessBase"]
[SourceDate "2004.11.15"]
[SourceVersion "1"]
[SourceVersionDate "2004.11.15"]
[SourceQuality "1"]

1. e4 e5 2. f4 exf4 3. Nf3 Ne7 4. d4 d5 5. Bd3 dxe4 6. Bxe4 Ng6 7. 0-0 Be7 8. c3 c6 9. Qc2 Be6 10. b3 0-0 11. Nbd2 Nd7 12. Nc4 Nf6 13. Bxg6 fxg6 14. Bxf4 Nd5 15. Bd2 Bf5 16. Qd1 Qc7 17. Ne3 Nxe3 18. Bxe3 Bd6 19. Rf2 Be4 20. h3 Rae8 21. Ng5 Bxg2 22. Rxf8+ Kxf8 23. Bf2 Bd5 24. Qg4 Kg8 25. Re1 Rxe1+ 26. Bxe1 Bh2+ 27. Kf2 Qf4+ 28. Nf3 Bxf3 29. Qxf3 Bg3+ 0-1